South Eastern Kenya University

Library Online Public Access Catalogue


Multisystemic therapy and neighborhood partnerships : (Record no. 9996)

MARC details
000 -LEADER
fixed length control field 02147cam a2200469 a 4500
001 - CONTROL NUMBER
control field 16746939
003 - CONTROL NUMBER IDENTIFIER
control field SEKU
005 - DATE AND TIME OF LATEST TRANSACTION
control field 20160126115554.0
008 - FIXED-LENGTH DATA ELEMENTS--GENERAL INFORMATION
fixed length control field 110422s2009 nyua b 001 0 eng
010 ## - LIBRARY OF CONGRESS CONTROL NUMBER
LC control number 2011380147
020 ## - INTERNATIONAL STANDARD BOOK NUMBER
International Standard Book Number 9781606232699 (pbk. : alk. paper)
020 ## - INTERNATIONAL STANDARD BOOK NUMBER
International Standard Book Number 9781593851095 (hbk.)
035 ## - SYSTEM CONTROL NUMBER
System control number (OCoLC)ocn388210839
040 ## - CATALOGING SOURCE
Original cataloging agency S1C
Transcribing agency S1C
Modifying agency IUL
-- BTCTA
-- YDXCP
-- DLC
042 ## - AUTHENTICATION CODE
Authentication code lccopycat
043 ## - GEOGRAPHIC AREA CODE
Geographic area code n-us---
050 00 - LIBRARY OF CONGRESS CALL NUMBER
Classification number RJ506
Item number .J88M84 2005
100 ## - MAIN ENTRY--PERSONAL NAME
Personal name Swenson C. Cynthia
245 00 - TITLE STATEMENT
Title Multisystemic therapy and neighborhood partnerships :
Remainder of title reducing adolescent violence and substance abuse /
Statement of responsibility, etc. Cynthia Cupit Swenson ... [et al.] ; foreword by Patricia Chamberlain.
246 30 - VARYING FORM OF TITLE
Title proper/short title Reducing adolescent violence and substance abuse
250 ## - EDITION STATEMENT
Edition statement pbk. ed.
260 ## - PUBLICATION, DISTRIBUTION, ETC. (IMPRINT)
Place of publication, distribution, etc. New York :
Name of publisher, distributor, etc. Guilford Press,
Date of publication, distribution, etc. 2009.
300 ## - PHYSICAL DESCRIPTION
Extent xvi, 272 p. :
Other physical details ill. ;
Dimensions 24 cm.
440 ## - SERIES STATEMENT/ADDED ENTRY--TITLE
Title Multisystemic therapy and neighborhood partnerships
504 ## - BIBLIOGRAPHY, ETC. NOTE
Bibliography, etc Includes bibliographical references (p. 252-265) and index.
650 #0 - SUBJECT ADDED ENTRY--TOPICAL TERM
Topical term or geographic name as entry element Juvenile delinquents
General subdivision Mental health services
Geographic subdivision United States.
650 #0 - SUBJECT ADDED ENTRY--TOPICAL TERM
Topical term or geographic name as entry element Juvenile delinquency
General subdivision Treatment
Geographic subdivision United States.
650 #0 - SUBJECT ADDED ENTRY--TOPICAL TERM
Topical term or geographic name as entry element Conduct disorders in adolescence
General subdivision Treatment
Geographic subdivision United States.
650 #0 - SUBJECT ADDED ENTRY--TOPICAL TERM
Topical term or geographic name as entry element Violence in adolescence
Geographic subdivision United States
General subdivision Prevention.
650 #0 - SUBJECT ADDED ENTRY--TOPICAL TERM
Topical term or geographic name as entry element Teenagers
General subdivision Drug use
Geographic subdivision United States
General subdivision Prevention.
650 #0 - SUBJECT ADDED ENTRY--TOPICAL TERM
Topical term or geographic name as entry element Youth
General subdivision Drug use
Geographic subdivision United States
General subdivision Prevention.
650 #0 - SUBJECT ADDED ENTRY--TOPICAL TERM
Topical term or geographic name as entry element Adolescent psychotherapy
General subdivision Parent participation
Geographic subdivision United States.
650 #0 - SUBJECT ADDED ENTRY--TOPICAL TERM
Topical term or geographic name as entry element Combined modality therapy
Geographic subdivision United States.
650 #0 - SUBJECT ADDED ENTRY--TOPICAL TERM
Topical term or geographic name as entry element Community development
Geographic subdivision United States.
700 1# - ADDED ENTRY--PERSONAL NAME
Personal name Swenson, Cindy Cupit.
856 42 - ELECTRONIC LOCATION AND ACCESS
Materials specified Contributor biographical information
Uniform Resource Identifier <a href="http://catdir.loc.gov/catdir/bios/guilford051/2004022183.html">http://catdir.loc.gov/catdir/bios/guilford051/2004022183.html</a>
856 42 - ELECTRONIC LOCATION AND ACCESS
Materials specified Publisher description
Uniform Resource Identifier <a href="http://catdir.loc.gov/catdir/description/guilford051/2004022183.html">http://catdir.loc.gov/catdir/description/guilford051/2004022183.html</a>
856 41 - ELECTRONIC LOCATION AND ACCESS
Materials specified Table of contents only
Uniform Resource Identifier <a href="http://catdir.loc.gov/catdir/enhancements/fy0617/2004022183-t.html">http://catdir.loc.gov/catdir/enhancements/fy0617/2004022183-t.html</a>
906 ## - LOCAL DATA ELEMENT F, LDF (RLIN)
a 7
b cbc
c copycat
d 2
e ncip
f 20
g y-gencatlg
942 ## - ADDED ENTRY ELEMENTS (KOHA)
Source of classification or shelving scheme Library of Congress Classification
Koha item type General circulation
Holdings
Withdrawn status Lost status Source of classification or shelving scheme Damaged status Not for loan Home library Current library Shelving location Date acquired Source of acquisition Total Checkouts Full call number Barcode Date last seen Price effective from Koha item type Public note
    Library of Congress Classification     Wote Campus Library Wote Campus Library General Stacks 26/01/2016 donation- books for Africa   RJ506 .J88M84 2005 2015/007895 26/01/2016 26/01/2016 General circulation GM
Kitui, Kenya.
+254736116989
library@seku.ac.ke